Normal view
MARC view
Entry Personal Name
001 - CONTROL NUMBER
- control field: 20052
003 - CONTROL NUMBER IDENTIFIER
- control field: OSt
005 - DATE AND TIME OF LATEST TRANSACTION
- control field: 20151212132502.0
008 - FIXED-LENGTH DATA ELEMENTS
- fixed length control field: 151212|| aca||aabn | a|a d
040 ## - CATALOGING SOURCE
- Original cataloging agency: OSt
- Transcribing agency: OSt
100 ## - HEADING--PERSONAL NAME
- Personal name: डॉ प्रदीप कुमार जैन
670 ## - SOURCE DATA FOUND
- Source citation: Work cat.: (OSt)12725: डॉ प्रदीप कुमार जैन , शिक्षा और पाठयसहगामी क्रियाएं, 2003









